| 000 | 00628nam a2200193Ia 4500 | ||
|---|---|---|---|
| 005 | 20260429112327.0 | ||
| 008 | 260429s9999||||xx |||||||||||||| ||und|| | ||
| 020 | _a9788183613170 | ||
| 041 | _aHindi | ||
| 082 |
_a891.432 _bAWA |
||
| 100 | _aअवस्थी, सुरेश | ||
| 245 | 0 |
_aजगदीश चंद्र माथुर रचनावली / _cसुरेश अवस्थी |
|
| 250 | _a2nd ed. | ||
| 260 |
_aप्रयागराज : _bराधाकृष्ण प्रकाशन, _c2021. |
||
| 300 | _a383 p.; hb | ||
| 440 | _vVol. 1 | ||
| 650 | _aHindi Literature | ||
| 942 | _cTB | ||
| 999 |
_c53512 _d53512 |
||